Statistiques concernant LOSC Lille - Effectif 2023/2024

Cliquez ici pour prendre le quiz!

Statistiques générales

  • Ce quiz a été pris 321 fois
  • Le résultat moyen est 19 sur 25

Statistiques - réponses

PostePaysJoueur% Correct
GFranceLucas Chevalier
97%
ACanadaJonathan David
96%
MAngleterreAngel Gomes
92%
EntraineurPortugalPaulo Fonseca
91%
DFranceLeny Yoro
89%
AAlgérieAdam Ounas
87%
MFranceBenjamin André
86%
MTurquieYusuf Yazici
86%
AKosovoEdon Zhegrova
84%
DPortugalTiago Santos
82%
MAlgérieNabil Bentaleb
81%
DBrésilAlexsandro
79%
MIslandeHákon Arnar Haraldsson
79%
DBrésilIsmaily
77%
MFranceRémy Cabella
74%
DPortugalTiago Djaló
74%
GItalieVito Mannone
74%
DFranceBafodé Diakité
73%
DFranceSamuel Umtiti
72%
MArgentineIgnacio Miramón
66%
APortugalIvan Cavaleiro
66%
GSlovaquieAdam Jakubech
62%
DAlgérieAkim Zedadka
62%
DSuèdeGabriel Gudmundsson
60%
AFranceAlan Virginius
47%

Distribution des résultats

Percentile par nombre de réponses

% des personnes avec chaque résultat

Votre développement - résultats

Vous n’avez pas pris ce quiz